ბათუმის შოთა რუსთაველის სახელმწიფო უნივერსიტეტის ბიბლიოთეკა

How to Restore & repair. Practically Everything (ბიბ.ჩანაწერი № 47399)

000 -LEADER
fixed length control field 00474nam a2200193Ia 4500
001 - CONTROL NUMBER
control field 14261
003 - CONTROL NUMBER IDENTIFIER
control field GE_BSU
008 - FIXED-LENGTH DATA ELEMENTS--GENERAL INFORMATION
fixed length control field 181216s||||||||xx |||||||||||||| ||und||
020 ## - INTERNATIONAL STANDARD BOOK NUMBER
International Standard Book Number 0718124898
040 ## - CATALOGING SOURCE
Transcribing agency GE_BSU
080 ## - UNIVERSAL DECIMAL CLASSIFICATION NUMBER
Universal Decimal Classification number 646/649
100 ## - MAIN ENTRY--PERSONAL NAME
Personal name Johnson,Lorraine
245 ## - TITLE STATEMENT
Title How to Restore & repair. Practically Everything
260 ## - PUBLICATION, DISTRIBUTION, ETC.
Place of publication, distribution, etc. London
260 ## - PUBLICATION, DISTRIBUTION, ETC.
Date of publication, distribution, etc. 1984
300 ## - PHYSICAL DESCRIPTION
Extent 191p.ill.27cm.
653 ## - INDEX TERM--UNCONTROLLED
Uncontrolled term How to Restore & repair. Practically Everything
942 ## - ADDED ENTRY ELEMENTS (KOHA)
Koha item type წიგნი
ეგზემპლარები
Withdrawn status Lost status Damaged status Not for loan Date acquired Barcode Date last seen Price effective from Koha item type
        2018-12-17 37513 2018-12-17 2018-12-17 წიგნი